000 00336 a2200157 4500
245 _aThérapeutique médicale
100 _aFabre, J.
700 _aBalant, L.
700 _aPerrier, C.
260 _c1978
300 _aXXXIX-1133 p.
035 _a2731
999 _c17604
_d17604